| 000 | 00695nam a2200229 a 4500 | ||
|---|---|---|---|
| 001 | 22137 | ||
| 003 | BD-RjUL | ||
| 005 | 20211209000754.0 | ||
| 008 | 140306s19521931enkc 001 0 eng d | ||
| 035 | _a(BD-RjUL)22202 | ||
| 040 |
_aHarvard Univ. Library _cDZM _dOCL _dBD-RjUL _beng |
||
| 041 | _aeng | ||
| 082 |
_a826.7 _bKEL 1952 |
||
| 100 | 1 |
_aKeats, John, _d1795-1821. _968349 |
|
| 245 | 1 | 4 |
_aThe letters of John Keats / _cedited by Maurice Buxton Forman. |
| 250 | _a4th ed. / | ||
| 260 |
_aLondon : _bOxford University Press, _c1952. |
||
| 300 |
_alxx, 570 p. : _bfront. (ports.) ; _c22 cm. |
||
| 650 |
_aKeats, John _958013 |
||
| 700 | 1 |
_aForman, Maurice Buxton. _968350 |
|
| 942 |
_2ddc _cBK |
||
| 999 |
_c22137 _d22137 |
||